| 000 | 00493nam a2200169 4500 | ||
|---|---|---|---|
| 001 | 108823 | ||
| 003 | ES-MaACL | ||
| 005 | 20230906184721.0 | ||
| 007 | t| | ||
| 008 | 061121s1962 sp r ||||1| spa d | ||
| 100 | 1 |
_aMourre, Michel. _983911 |
|
| 245 | 1 | 0 |
_aReligiones y filosofías de Asia / _cMichel Mourre; traducción de M.Martí Relats. |
| 260 |
_aMadrid : _bZeus, _c1962. |
||
| 300 |
_a504 p. ; _c23 cm. |
||
| 700 | 1 |
_aMartí Relats, M. _977237 |
|
| 852 |
_aES-MaACL _jC-22989 _bR.51702 |
||
| 999 |
_c108823 _d108823 |
||